Die katholische Fraktion "Znak" im polnischen Sejm

Titel: Die katholische Fraktion "Znak" im polnischen Sejm / von Karl Hartmann
Verfasser:
In: ˜Derœ Remter, Band 7, Heft 4 (1961), Seite 195-199
alle Artikel anzeigen
Veröffentlicht: 1961
Format: Aufsatz
Sprache: Deutsch
Kein Bild verfügbar
X
Lokale Klassifikation: 32 7 O ; 32 12 E ; 32 7 V
alg: 18720812
001A    $03004:29-05-07 
001B    $01999:23-03-21 $t21:39:44.000 
001C    $03004:29-05-07 $t15:15:52.000 
001D    $03004:29-05-07 
001U    $0utf8 
001X    $00 
002@    $0Aou 
003@    $0187208123 
007A    $0187208123 $aHEB 
007T    $0Herdhh187208123 
010@    $ager 
011@    $a1961 
021A    $aDie @katholische Fraktion "Znak" im polnischen Sejm $hvon Karl Hartmann 
028A    $aHartmann $dKarl 
031A    $d7 $e4 $h195-199 $j1961 
039B    $aIn $8--Abvc--. Der @Remter. - Stuttgart : Evang. Verl.-Werk, 1954-1961. - ISSN 0482-2145 $x196100000070004805 $9048012335 
045F    $a900.94380904 $eDDC23BSB 
045F/01 $a900 
045F/03 $f0904 
045F/03 $g438 

lok: 18720812 24
101B    $029-05-07 $t15:15:52.000 
101C    $029-05-07 
101U    $0utf8 
145Z/01 $a32 7 O 
145Z/02 $a32 12 E 
145Z/03 $a32 7 V 

exp: 18720812 24 1 #EPN
201B/01 $005-06-07 $t11:23:42.000 
201C/01 $029-05-07 
201U/01 $0utf8 
203@/01 $0504693921 
208@/01 $a29-05-07 $br 
209A/01 $aAufsatz $db $f050 $x00 
209C/01 $a2310 G 61 $h61 2310 G 
220C/01 $agro 
247C/01 $8358050-7 Marburg, Bibliothek des Herder-Instituts Marburg $9102600961 

lok: 18720812 78

exp: 18720812 78 1 #EPN
201B/01 $019-04-17 $t20:52:25.000 
201U/01 $0utf8 
203@/01 $0793288894 
208@/01 $a12-11-16 $be 
209A/01 $a/ $f000 $x00 
237A/01 $aweiterführende Signatur(en): Herder-Institut: Aufsatz 
244Z/01 $2Trx $#Poola $#Lenkija $#Polija $#Polen Land $#Poland $#Lengyelország $#Poľsko $#Polsko $8--Trx--Polska$gkraj $x01 $9391345966 
245Z/01 $a06.04.04 $x01 
247C/01 $82080>Marburg/Lahn, Herder-Institut, Forschungsbibliothek, Bibliographieportal $9336309341
LEADER 00000caa a2200000 c 4500
001 187208123
003 DE-603
005 20210323213944.0
007 tu
008 070529s1961 xx |||| | u00||u|ger c
035 |a (DE-599)HEB187208123 
040 |a DE-603  |b ger  |c DE-603  |d DE-603 
041 |a ger 
082 0 4 |8 1\u  |a 900.94380904  |q DE-101  |2 23/BSB 
085 |8 1\u  |b 900 
085 |8 1\u  |z 1  |s 0904 
085 |8 1\u  |z 2  |s 438 
100 1 |a Hartmann, Karl 
245 0 0 |a ˜Dieœ katholische Fraktion "Znak" im polnischen Sejm  |c von Karl Hartmann 
264 0 |c 1961 
773 0 8 |i In  |t ˜Derœ Remter  |d Stuttgart : Evang. Verl.-Werk, 1954-1961  |x 0482-2145  |g Band 7, Heft 4 (1961), Seite 195-199  |w (DE-603)048012335  |w (DE-600)748126-3 
924 0 |9 Mb 50  |a (DE-603)504693921  |b DE-Mb50  |c HES  |d c  |g Aufsatz 
924 0 |9 2080  |a (DE-603)793288894  |b DE-2080  |c HES  |d d  |g /